Sports Quiz

Random Sports or Letter Quiz

Big 4 Letter Sets Quiz Stats

 Plays Quiz Updated Dec 3, 2016

Support Sporcle.
Go Orange.
Score 0/28 Timer 05:00
4 Plays Today
Hint Answer % Correct
TTitans
80.6%
LLions
78.1%
EEagles
76.2%
HHeat
71.6%
IIndians
70.4%
TTexans
67.7%
LLakers
65.8%
MMets
65.8%
IIslanders
63.9%
MMarlins
63.4%
TTigers
63.3%
MMariners
59.4%
TTimberwolves
57.9%
HHawks
57.2%
Hint Answer % Correct
MMavericks
56.4%
DDodgers
56.4%
DDiamondbacks
56.4%
DDucks
54.1%
TThunder
54%
DDolphins
53.7%
TTwins
52.7%
MMagic
49.1%
HHornets
48%
MMaple Leafs
44.5%
LLightning
43.9%
DDevils
42.8%
HHurricanes
41.7%
TTrail Blazers
39.4%

You're not logged in!

Compare scores with friends on all Sporcle quizzes.
OR
Log In

From the Vault

NFL Last Five 70+ Catch Seasons

by Jethro

It must be hard learning not to duck when something is thrown at you all the time.
Remove Ads.
Support Sporcle.
Get the best of Sporcle when you Go Orange. This ad-free experience offers more features, more stats, and more fun while also helping to support Sporcle. Thank you for becoming a member.

Show Comments

Extras

Top Quizzes Today


Score Distribution

Your Account Isn't Verified!

In order to create a playlist on Sporcle, you need to verify the email address you used during registration. Go to your Sporcle Settings to finish the process.

Report this User

Report this user for behavior that violates our Community Guidelines.

Details: